Ο ρόλος των κοινωνικών δικτύων στην εκπαίδευση : μια μελέτη περίπτωσης ; μεταπτυχιακή εργασία
Αποθηκεύτηκε σε:
| Κύριος συγγραφέας: | |
|---|---|
| Συγγραφή απο Οργανισμό/Αρχή: | |
| Άλλοι συγγραφείς: | , , |
| Μορφή: | Thesis Βιβλίο |
| Γλώσσα: | Greek |
| Δημοσίευση: |
2008.
|
| Θέματα: | |
| Διαθέσιμο Online: | http://hdl.handle.net/11610/16289 |
| Ετικέτες: |
Προσθήκη ετικέτας
Δεν υπάρχουν, Καταχωρήστε ετικέτα πρώτοι!
|
MARC
| LEADER | 00000cam a2200000 i 4500 | ||
|---|---|---|---|
| 001 | 1/91703 | ||
| 008 | 080730s2008 gre d | ||
| 035 | |l 10099300 | ||
| 040 | |a GR-MY-UA |b gre |e aacr | ||
| 041 | 0 | |a gre | |
| 082 | 7 | |a 401.9 |2 (22) | |
| 100 | 1 | |a Μπατσάρης, Χρυσοβαλάντης. | |
| 245 | 1 | 2 | |a Ο ρόλος των κοινωνικών δικτύων στην εκπαίδευση : |b μια μελέτη περίπτωσης ; μεταπτυχιακή εργασία / |c Μπατσάρης Χρυσοβαλάντης ; Σοφός Αλιβίζος (επιβλέπων) ; εξεταστική επιτροπή: Βρατσάλης Κωνσταντίνος, Κούρτη-Καζούλη Βασιλεία. |
| 260 | |c 2008. | ||
| 300 | |a 83 σ. ; |c 30 εκ. | ||
| 500 | |a Περιορισμένη πρόσβαση. | ||
| 502 | |a Διατριβή (μεταπτυχιακή) – Πανεπιστήμιο Αιγαίου, Ρόδος, 2008. | ||
| 504 | |a Περιλαμβάνει βιβλιογραφίες. | ||
| 610 | 2 | 0 | |a University of the Aegean |x Dissertations. |
| 650 | 0 | 0 | |a Social networks. |
| 650 | 0 | 0 | |a Educational Web sites. |
| 650 | 0 | 0 | |a Education |x Data processing. |
| 700 | 1 | |a Βρατσάλης, Κώστας. |4 ths | |
| 700 | 1 | |a Σοφός, Αλιβίζος. |4 ths | |
| 700 | 1 | |a Κούρτη-Καζούλλη, Βασιλεία. |4 ths | |
| 710 | 2 | |a Πανεπιστήμιο Αιγαίου |b Σχολή Ανθρωπιστικών Σπουδών |b Τμήμα Δημοτικής Εκπαίδευσης. | |
| 852 | |a INST |b RHODES |c DIATR |e 20080730 |h 401.9 ΜΠΑ |p 005400028787 |q 005400028787 |t MTXE |y 23 | ||
| 852 | |a INST |b RHODES |c DIATR |e 20080730 |h 401.9 ΜΠΑ |p 005400028788 |q 005400028788 |t MTXE |y 23 | ||
| 856 | |u http://hdl.handle.net/11610/16289 | ||
| 901 | |a BIBL4-2008-2 | ||
| 909 | |a Ρ |b 150394 | ||
| 909 | |a P |b 150395 | ||
| 924 | |a ΜΠΑΤΣΑΡΗΣ |b ΧΡΥΣΟΒΑΛΑΝΤΗΣ |y Ρόδος |z 2008-07 | ||
| 970 | |a ΜΙΣΣΟΣ |b ΣΤΑΥΡΟΣ |z 2008/07/30 | ||